Casuismo y jurisprudencia romana: pleitos famosos del digesto

محفوظ في:
التفاصيل البيبلوغرافية
المؤلف الرئيسي: García Garrido, Manuel Jesús (autor)
التنسيق: كتاب
اللغة:الإسبانية
منشور في: Madrid Faro de Vigo 1965
الموضوعات:
الوسوم: إضافة وسم
لا توجد وسوم, كن أول من يضع وسما على هذه التسجيلة!

MARC

LEADER 00000nam a2200000 a 4500
001 UCS2176
003 CL-VaPUC
008 970516e19650000SP |||||||||||||||||spa|d
082 0 4 |a 340.54  |b GAR  |2 21 
100 |a García Garrido, Manuel Jesús  |e autor  |9 573676 
245 1 0 |a Casuismo y jurisprudencia romana: pleitos famosos del digesto 
300 |a 178 p 
942 |c BK 
945 |d 19970516 00:00:00  |a lriquelm 
260 |a Madrid  |b Faro de Vigo  |c 1965 
650 0 |a Derecho romano  |9 255930 
650 0 |a Jurisprudencia  |9 255952 
650 0 |a Derechos reales  |9 257708 
650 0 |a Propiedad   |9 255268 
650 0 |a Obligaciones   |9 255578 
650 0 |a Contratos  |9 255153 
650 0 |a Derecho de familia  |9 255603 
650 0 |a Derecho sucesorio  |9 255015 
583 |a last modification  |c 19970516 00:00:00  |k Rodrigo Vera 
999 |c 260167  |d 260165 
952 |0 0  |1 0  |4 0  |6 340_540000000000000_GAR_1965  |7 0  |8 A  |9 285828  |a BIBDER  |b BIBDER  |d 2019-11-19  |i 1856871  |l 1  |o 340.54 GAR 1965  |p 1856871  |r 2023-11-28  |s 2023-11-23  |w 2019-11-19  |y BK  |k DER 
952 |0 0  |1 0  |4 0  |6 340_540000000000000_GAR_1965  |7 0  |8 DER_ROM  |9 285829  |a BIBDER  |b BIBDER  |d 2019-11-19  |i 185688K  |o 340.54 GAR 1965  |p 185688K  |r 2023-01-25  |w 2019-11-19  |x Ubicación 4to piso  |y BK  |z Este recurso debe solicitarse con anticipación  |k DER 
952 |0 0  |1 0  |4 0  |6 340_540000000000000_GAR_1965  |7 0  |8 A  |9 285830  |a BIBDER  |b BIBDER  |d 2019-11-19  |i 1856898  |o 340.54 GAR 1965  |p 1856898  |r 2023-01-25  |w 2019-11-19  |y BK  |k DER 
952 |0 0  |1 0  |4 0  |6 340_540000000000000_GAR_1965  |7 0  |8 A  |9 285831  |a BIBDER  |b BIBDER  |d 2019-11-19  |i 1928155  |o 340.54 GAR 1965  |p 1928155  |r 2023-01-25  |w 2019-11-19  |y BK  |k DER